000 03988nam a22004577a 4500
005 20111219163339.0
010 _aB-482068-087
020 _a9789350460245
_c120.00
035 _aB-482068-087
037 _bBlue Berry/Ven
082 _aS
100 _aSwetha Prakash
_953591
245 _aPadma goes to space /
_cby Swetha Prakash; pictures by Shreya Sen
260 _aChennai
_bTulika Publishers
_c2011
270 _a13, Prithvi Avenue, Abhiramaouram
_bChennai
_e600 018
300 _aunpaged
_bill.
_c23cm(pbk)
650 _aStories
_9938
700 _a Sen, Shreya
_937149
942 _2ddc
_cCH
_mSWE
_hS
999 _c59645
_d59645